000 01179naa a22003377a 4500
001 BR8501851
003 BR-BrBNA
005 20240918175600.0
007 ta
008 230509b bl.||||| |||| 00| 0 por d
040 _aBR-BrBNA
_bpor
_cBiblioteca Nacional de Agricultura
041 _a(Pt)
072 _aE70; P06
_b8915
090 _aE70 BR8501851
100 1 _aSilva, S.O. da
100 1 _aReis, A.J. dos
100 1 _aScolforo, J.R.S.
100 1 _aMorais, V.A.
100 1 _aSilveira, J.V.
111 1 _a1. Congresso Brasileiro de Marketing Rural
_cLavras, MG (Brazil)
_d28 Nov 1984
245 1 _aIndustria da cal: um mercado tradicional para produtores de lenha
260 3 _aLavras, MG (Brasil):
_c1984.
500 _a1. Congresso Brasileiro de Marketing Rural. Extrato dos trabalhos para debates Lavras, MG (Brasil): 1984. p. 59-70 (BR8501851-AM)E70
650 _aLENHA
650 _aMERCADO
650 _aDEMANDA
650 _aCONSUMO
773 0 _t1. Congresso Brasileiro de Marketing Rural. Extrato dos trabalhos para debates
_wE70 BR8501851
_gLavras, MG (Brasil), 1984. p. 59-70
909 _a202404
_bLucia
_c55
_dLucia Elande
942 _cAM
_2AGRIS
999 _c317317
_d317317